| 000 | 00383nam a2200133 4500 | ||
|---|---|---|---|
| 999 |
_c11709 _d11709 |
||
| 003 | OSt | ||
| 005 | 20230717161224.0 | ||
| 008 | 230717b ||||| |||| 00| 0 eng d | ||
| 020 | _a9788192815220 | ||
| 100 | _aAuroville architecture in india | ||
| 245 | _aLandscapes and Gardens of Auroville: The Transformation of the Land | ||
| 260 |
_a india _bAuroville architecture |
||
| 942 | _2ddc | ||